|
|
|
|
| LEADER |
01108nam a2200277 a 4500 |
| 001 |
3502168 |
| 008 |
091231s1994 ii b 000 0 eng d |
| 010 |
|
|
|a 94900286
|
| 020 |
|
|
|a 0706970519 :
|c Rs295.00
|
| 040 |
|
|
|a DLC
|c DLC
|d DLC
|d BD-DhAAL
|
| 082 |
0 |
0 |
|a 305.42/0954
|2 20
|
| 245 |
0 |
0 |
|a Women and Indian nationalism /
|c edited by Leela Kasturi & Vina Mazumdar.
|
| 260 |
|
|
|a New Delhi :
|b Vikas Pub. House,
|c 1994.
|
| 300 |
|
|
|a lxviii, 200 p. ;
|c 22 cm.
|
| 520 |
|
|
|a Contributed articles.
|
| 504 |
|
|
|a Includes bibliographical references.
|
| 541 |
1 |
|
|e 00005881
|
| 650 |
|
0 |
|a Women in development
|z India
|x History.
|
| 650 |
|
0 |
|a Women
|x Political activity
|z India
|x History.
|
| 650 |
|
0 |
|a Nationalism and feminism
|z India
|x History.
|
| 700 |
1 |
|
|a Kasturi, Leela.
|
| 700 |
1 |
|
|a Mazumdar, Vina,
|d 1927-
|
| 710 |
2 |
|
|a Indian Association for Women's Studies.
|
| 852 |
4 |
|
|a Ayesha Abed Library
|j General Shelf.
|
| 999 |
|
|
|c 6580
|d 6580
|
| 952 |
|
|
|0 0
|1 0
|2 ddc
|4 0
|6 305_420954000000000_WOM_1994
|7 0
|9 6693
|a BRACUL
|b BRACUL
|c GEN
|d 2009-12-31
|g 295.00
|l 3
|o 305.420954 WOM
|p 3010005881
|r 2013-10-08
|s 2013-08-18
|t 1
|v 590.00
|w 2009-12-31
|y BK
|